[Event "SVK-chT3B2 2122"]
[Site "Slovakia"]
[Date "2022.04.24"]
[Round "9.1"]
[White "Jostic, Peter"]
[Black "Sliva, Frantisek"]
[Result "1-0"]
[WhiteElo "2061"]
[BlackElo "1718"]
[PlyCount "49"]
[EventDate "2021.10.24"]
[EventType "team-tourn"]
[EventRounds "11"]
[EventCountry "SVK"]
[SourceTitle "EXT 2024"]
[Source "ChessBase"]
[SourceDate "2023.10.10"]
[SourceVersion "1"]
[SourceVersionDate "2023.10.10"]
[SourceQuality "1"]
[WhiteTeam "Trencin"]
[BlackTeam "Dubnica nad Vahom IV"]
[WhiteTeamCountry "SVK"]
[BlackTeamCountry "SVK"]

1. e4 d6 2. d4 Nf6 3. Nc3 Nbd7 4. Bc4 c6 5. Bb3 e5 6. Be3 Be7 7. g4 h5 8. gxh5 exd4 9. Qxd4 Nc5 10. h6 gxh6 11. 0-0-0 Nxb3+ 12. cxb3 Rg8 13. f3 Nh5 14. Nge2 Qa5 15. Rhg1 Rxg1 16. Rxg1 Nf6 17. Bxh6 Be6 18. Bg5 c5 19. Qf2 0-0-0 20. Qh4 Rg8 21. Bxf6 Rxg1+ 22. Nxg1 Bxf6 23. Qxf6 c4 24. bxc4 Qc5 25. Nge2 1-0

[Event "SVK-ch Seniors 50"]
[Site "Tatranske Matliare"]
[Date "2021.06.20"]
[Round "1"]
[White "Konak, Jan"]
[Black "Sliva, Frantisek"]
[Result "1-0"]
[WhiteElo "2133"]
[BlackElo "1780"]
[PlyCount "85"]
[EventDate "2021.06.20"]
[EventType "swiss"]
[EventRounds "9"]
[EventCountry "SVK"]
[SourceTitle "EXT 2022"]
[Source "ChessBase"]
[SourceDate "2021.10.06"]
[SourceVersion "1"]
[SourceVersionDate "2021.10.06"]
[SourceQuality "1"]

1. d4 d6 2. Nf3 Nf6 3. c4 g6 4. g3 Bg7 5. Bg2 Nbd7 6. 0-0 0-0 7. Qc2 c5 8. d5 Nb6 9. e4 Ng4 10. Nbd2 Bd7 11. h3 Ne5 12. Nxe5 Bxe5 13. Nf3 Bg7 14. Re1 f6 15. Bd2 a5 16. Rab1 Be8 17. Bf1 Qc8 18. b3 Nd7 19. a3 Ne5 20. Nh2 Bd7 21. f4 Nf7 22. g4 e5 23. dxe6 Bxe6 24. Bc3 Bd7 25. Qb2 Nd8 26. Rbd1 Ra6 27. Qd2 Nf7 28. Nf3 Qc7 29. Qb2 Nd8 30. g5 d5 31. cxd5 Qxf4 32. Bxa6 Bxh3 33. Bf1 Qg3+ 34. Bg2 fxg5 35. Bxg7 Rxf3 36. Be5 Qg4 37. Qe2 Bxg2 38. Qxg2 Qh5 39. Bh2 Nf7 40. d6 g4 41. d7 Qg5 42. e5 h5 43. e6 1-0

[Event "SVK-chT3B2 1920"]
[Site "Slovakia"]
[Date "2019.10.06"]
[Round "1.4"]
[White "Krisko, Milan"]
[Black "Sliva, Frantisek"]
[Result "1/2-1/2"]
[WhiteElo "1743"]
[BlackElo "1748"]
[PlyCount "26"]
[EventDate "2019.10.06"]
[EventType "team-tourn"]
[EventRounds "11"]
[EventCountry "SVK"]
[SourceTitle "CBM 193 Extra"]
[Source "ChessBase"]
[SourceDate "2020.01.31"]
[SourceVersion "1"]
[SourceVersionDate "2020.01.31"]
[SourceQuality "1"]
[WhiteTeam "Handlova"]
[BlackTeam "Dubnica nad Vahom IV"]
[WhiteTeamCountry "SVK"]
[BlackTeamCountry "SVK"]

1. e4 d6 2. d4 Nf6 3. Nc3 g6 4. Nf3 Bg7 5. Be2 0-0 6. 0-0 b6 7. h3 Bb7 8. Bd3 Nbd7 9. Be3 c5 10. Re1 cxd4 11. Bxd4 Nc5 12. Bxc5 dxc5 13. Qe2 e6 1/2-1/2

[Event "SVK-chT3B2 1718"]
[Site "Slovakia"]
[Date "2017.11.05"]
[Round "3.3"]
[White "Mejsnar, Miroslav"]
[Black "Sliva, Frantisek"]
[Result "1-0"]
[WhiteElo "1926"]
[BlackElo "1770"]
[PlyCount "87"]
[EventDate "2017.10.08"]
[EventType "team-tourn"]
[EventRounds "11"]
[EventCountry "SVK"]
[SourceTitle "EXT 2019"]
[Source "ChessBase"]
[SourceDate "2018.10.10"]
[SourceVersion "1"]
[SourceVersionDate "2018.10.10"]
[SourceQuality "1"]
[WhiteTeam "Povazska Bystrica Sparta II"]
[BlackTeam "Dubnica nad Vahom III"]
[WhiteTeamCountry "SVK"]
[BlackTeamCountry "SVK"]

1. d4 Nf6 2. c4 g6 3. Nf3 Bg7 4. Nc3 d5 5. e3 0-0 6. Be2 Nc6 7. 0-0 dxc4 8. Bxc4 Na5 9. Be2 b6 10. Bd2 Bb7 11. Rc1 Rc8 12. b4 Nc6 13. Qb3 e6 14. Rc2 Ne7 15. Rfc1 Ne4 16. a4 Nxd2 17. Nxd2 a6 18. Bf3 Bxf3 19. Nxf3 c5 20. dxc5 bxc5 21. b5 c4 22. Qa3 axb5 23. Nxb5 Nf5 24. h3 Qd5 25. Qb4 Rfd8 26. Rxc4 Rxc4 27. Qxc4 Qa8 28. Qc7 Rf8 29. a5 Bf6 30. Qa7 Qxa7 31. Nxa7 Nd6 32. Nc6 Ra8 33. Rb1 Kg7 34. Nfd4 Nc4 35. Rb5 Nd6 36. Rb8 Rxb8 37. Nxb8 Bd8 38. Ndc6 Bc7 39. Na6 Bxa5 40. Nxa5 f5 41. Nc6 Kf6 42. Nc5 g5 43. Nd7+ Kg6 44. Nf8+ 1-0

[Event "SVK-chT3B2 1617"]
[Site "Slovakia"]
[Date "2017.04.02"]
[Round "11.3"]
[White "Krisko, Milan"]
[Black "Sliva, Frantisek"]
[Result "1/2-1/2"]
[WhiteElo "1793"]
[BlackElo "1800"]
[PlyCount "31"]
[EventDate "2016.10.16"]
[EventType "team-tourn"]
[EventRounds "11"]
[EventCountry "SVK"]
[SourceTitle "EXT 2020"]
[Source "ChessBase"]
[SourceDate "2019.10.17"]
[SourceVersion "1"]
[SourceVersionDate "2019.10.17"]
[SourceQuality "1"]
[WhiteTeam "Handlova"]
[BlackTeam "Dubnica nad Vahom III"]
[WhiteTeamCountry "SVK"]
[BlackTeamCountry "SVK"]

1. e4 b6 2. d4 Bb7 3. Bd3 e6 4. Nf3 Nf6 5. Nbd2 d5 6. e5 Ne4 7. 0-0 Be7 8. Re1 Nxd2 9. Bxd2 c5 10. c3 Bc6 11. Rc1 c4 12. Bc2 Nd7 13. b3 b5 14. a4 a6 15. b4 Nf8 16. a5 1/2-1/2